| 000 | 00888naa a2200205 4500 | ||
|---|---|---|---|
| 001 | 2162214035925887 | ||
| 003 | UA-OsUOA | ||
| 005 | 20250403150429.0 | ||
| 008 | 250403b un ||||| |||| 00| 0 ukr d | ||
| 040 |
_aUA-OsUOA _bukr _cUA-OsUOA _dUA-OsUOA |
||
| 041 | _aukr | ||
| 080 | _a908 | ||
| 090 | _a908 | ||
| 100 |
_aМихальчук О. _919616 |
||
| 245 |
_aОсновні аспекти розвитку пам'яткоохоронної діяльності на Західній Волині в загальнодержавному контексті _cОльга Михайлишин |
||
| 300 | _aС. 275–283 | ||
| 650 | _2UDC | ||
| 773 | 0 |
_0578333 _9475063 _aМихайлишин О. _dРівне Дятлик М. 2013 _o168293 _tАрхітектура і містобудування Західної Волині 1921–1939 років _z9786175151181 |
|
| 942 |
_2udc _cBKA |
||
| 999 |
_c578442 _d578442 |
||